Güvenlik sektöründe demokratik gözetim: Türkiye ve dünya= (Record no. 7070)
[ view plain ]
| 000 -BAŞLIK | |
|---|---|
| Sabit Uzunlukta Kontrol Alanı | 00945na a2200253 4500 |
| 001 - KONTROL NUMARASI | |
| Denetim Alanı | 19904 |
| 003 - KONTROL NUMARASI IDENTIFIER | |
| Denetim Alanı | MIRAKIL |
| 005 - SON İŞLEM TARİHİ VE ZAMANI | |
| Denetim Alanı | 20181213155127.0 |
| 008 - SABİT-BOY VERİ ELEMANLARI - GENEL BİLGİLER | |
| Sabit Uzunlukta Kontrol Alanı | 170125b tu 000 0 |
| 020 ## - ULUSLARARASI STANDART KİTAP NUMARASI | |
| Uluslararası Standart Kitap Numarası | 9758112503 |
| 040 ## - KATALOGLAMA KAYNAK | |
| Orijinal Kataloglama Ajansı | Milas |
| Kataloglama Dili | tur |
| Metne Dönüştürmek Ajansı | TR-AnCHP |
| 041 ## - DİL KODU | |
| Metin / Ses Parça Veya Ayrı Başlığın Dil Kodu | tur |
| -- | eng |
| 082 ## - DEWEY ONLU SINIFLANDIRMA NUMARASI | |
| Sınıflandırma Numarası | 327.17 |
| Ürün Numarası | G98 2006 |
| 090 ## - SINIFLAMA NUMARASI | |
| Sınıflama Numarası | 327.17 G98 2006 |
| 245 ## - BAŞLIK TABLOSU | |
| Başlık | Güvenlik sektöründe demokratik gözetim: Türkiye ve dünya= |
| Başlığın Kalan | Democratic eversight of the security sector: Turkey and the world |
| Sorumluluk Tablosu, Vb | Can Paker, ...[ve öte.]; editör Volkan Aytar |
| 246 ## - UNVAN FORM VARYING | |
| Başlık Doğru / Kısa Başlığı | Democratic eversight of the security sector: Turkey and the world |
| 250 ## - EDITION TABLOSU | |
| Baskı Beyanı | gözd. gçrl. ve gnşl. 2. bs. |
| 260 ## - YAYIN, DAĞITIM, VB | |
| Yayın, Dağıtım, Vb Yeri | İstanbul |
| Yayıncı, Dağıtıcı, Vs Adı | TESEV Yayınları |
| Yayın, Dağıtım, Vb Tarihi | 2006 |
| 300 ## - FİZİKSEL TANIM | |
| Kapsam | 127 s. |
| Diğer Fiziksel Ayrıntıları | res.; tbl. |
| Boyutlar | 29 sm. |
| 490 ## - SERİSİ TABLOSU | |
| Seri Beyanı | DCAF-TESEV güvenlik sektörü çalışmaları dizisi=DCAF-TESEV series in security sector studies |
| Hacim / Ardışık Tanımı | 1 |
| 700 ## - KATMA GİRİŞ - KİŞİSEL İSİM | |
| Kişisel Ad | Paker, Can |
| 700 ## - KATMA GİRİŞ - KİŞİSEL İSİM | |
| Kişisel Ad | Aytar, Volkan |
| 942 ## - EKLENDİ GİRİŞ ELEMANLARI (KOHA) | |
| Sınıflandırma Veya Raf Düzeni Kaynak | Dewey Decimal Classification |
| Koha Öğesi Türü | Books |
| 999 ## - SİSTEM KONTROL NUMARALARI (KOHA) | |
| Koha Biblionumber | 7070 |
| Koha Biblioitemnumber | 7070 |
| Kalıcı Konum | Mevcut Konum | Edinme Tarihi | Edinim Kaynak | Toplam Check-Out'Lar | Tam Çağrı Numarası | Barkod | Tarih Son Görülme | İtibaren Geçerli Fiyatlar | Koha Öğesi Türü |
|---|---|---|---|---|---|---|---|---|---|
| CHP Kütüphanesi | CHP Kütüphanesi | 12/28/2016 | Bağış | 327.17 G98 2006 | 010354 | 12/28/2016 | 12/28/2016 | Books |
